00822cam a2200265 i 450000100060000000300090000600500170001500800410003201500170007302000150009004000280010504600090013308000110014208000110015308000100016410000390017424500520021326000570026530000280032250400140035065000320036465000270039665800350042385600980045852449KOSZ 00520220504094154.0010430s2000 pl a |000 0 pol  aPB 2001/8176 a8387493112 aWA NcWA NdKOSZ 005/HR k1996 a316.77 a316.47 a159.91 aNęcki, Zbigniewd(1947- )eAutor10aKomunikacja międzyludzka /cZbigniew Nęcki. aKraków ;aKluczbork :bDrukarnia "Antykwa",c2000. a256 s. :bil. ;c21 cm. aBibliogr. 4aKomunikacja interpersonalna 4aKomunikacja społeczna aMedia i komunikacja społeczna uhttp://koha.tu.koszalin.pl/cgi-bin/koha/opac-detail.pl?biblionumber=52449yKatalog online BPK